000
00268nam a2200109Ia 4500
008
220204s9999 xx 000 0 und d
082
_a
301.17
_b
NIK
100
_a
Nikolayev, A
245
0
_a
R & D in social reproduction
260
_a
Moscow
_b
Progress
_c
1975
942
_c
BK
999
_c
26332
_d
26332